Statistiques concernant Plus grandes communes française par habitant (Alphabet)

Cliquez ici pour prendre le quiz!

Statistiques générales

  • Ce quiz a été pris 159 fois
  • Le résultat moyen est 13 sur 21

Statistiques - réponses

HintRéponse% Correct
LLyon
97%
MMarseille
97%
PParis
97%
BBordeaux
96%
TToulouse
94%
SStrasbourg
93%
RRennes
91%
NNice
85%
GGrenoble
73%
OOrléans
72%
AAngers
71%
DDijon
67%
QQuimper
64%
VVilleurbanne
56%
CClermont-Ferrand
52%
IIssy-les-Moulineaux
30%
HHyères
23%
WWattrelos
19%
FFort-de-France
16%
EÉvry-Courcouronnes
11%
JJoué-lès-Tours
4%

Distribution des résultats

Percentile par nombre de réponses

% des personnes avec chaque résultat

Votre développement - résultats

Vous n’avez pas pris ce quiz